000 00539nam a2200205 i 4500
001 146000
003 ES-MaACL
005 20230906201400.0
007 t|
008 071018s2006 sp ||||1| spa d
100 1 _aVerdú, Vicente.
_9114049
245 1 4 _aLas solteronas /
_cVicente Verdú.
250 _a[1ª ed.].
260 _a[Barcelona] :
_bDopesa,
_c[1978]
300 _a96 p. ;
_c19 cm.
490 1 _aLos marginados
830 0 _aLos marginados
_9187416
852 _aES-MaACL
_jA-8273
_bR.97229
999 _c146000
_d146000